000 005820000a22001450004500
090 _aAS
_bSeriadas
245 1 0 _aEcología poblacional de Dictyocaryum lamarckianum (Mart.) H. Wendl. en una región de la Cordillera Central de Colombia
246 3 _aPopulation ecology of Dictyocaryum lamarckianum (Mart) H. Wendl. in a region of the Cordillera Central of Colombia
041 0 _aEspañol
700 1 _aSierra, Martha
_999638
700 1 _aUribe, Alicia
_992930
100 1 _aPalacio, Mercedes
_999639
942 _cARTICULO
773 1 _tActualidades Biológicas
_h69
_q115-120
_d1998
_g20
999 _c15404
_d15404